Sports Quiz

Random Sports Quiz
Score 0/21 Timer 03:00
0 Plays Today
% Correct
Ronde van Vlaanderen
91.6%
Paris-Roubaix
90.4%
Clásica Ciclista San Sebastián
89.5%
Liège-Bastogne-Liège
87.9%
Il Lombardia
87.9%
Amstel Gold Race
87.4%
Milano-Sanremo
80.8%
Strade Bianche
76.6%
La Flèche Wallonne
74.1%
Omloop Het Nieuwsblad Elite
69.9%
Bretagne Classic - Ouest-France
65.3%
% Correct
Grand Prix Cycliste de Québec
64.9%
Gent-Wevelgem in Flanders Fields
63.6%
Dwars door Vlaanderen
62.3%
Cadel Evans Great Ocean Road Race
61.5%
E3 BinckBank Classic
60.7%
Grand Prix Cycliste de Montréal
60.3%
Prudential Ride London-Surrey Classic
59.8%
EuroEyes Cyclassics Hamburg
55.6%
Eschborn-Frankfurt
54%
Driedaagse Brugge-De Panne
50.6%
Remove Ads.
Support Sporcle.
Get the best of Sporcle when you Go Orange. This ad-free experience offers more features, more stats, and more fun while also helping to support Sporcle. Thank you for becoming a member.

You're not logged in!

Compare scores with friends on all Sporcle quizzes.
OR
Log In

Show Comments

Extras

Top Quizzes Today


Score Distribution

Your Account Isn't Verified!

In order to create a playlist on Sporcle, you need to verify the email address you used during registration. Go to your Sporcle Settings to finish the process.

Report this User

Report this user for behavior that violates our Community Guidelines.

Details: